000 00880nas a2200301Ia 4500
001 22
003 CO-MdFUSB
005 20170306095415.0
008 151030s9999 enk 000 0 e d
022 _a0309-0892
037 _bSheffield Academic Press
040 _aCO-MdFUSB
_bspa
_cCO-MdFUSB
_dCO-MdFUSB
_erda
041 0 _aeng
_heng
245 1 0 _aJournal for the Study of the Old Testament
_cSheffield Acadamic Press
260 _aSheffield
264 _aSheffield, Inglaterra
_bSheffield Acadamic Press
300 _aVolumen 67 - 28.2
_c22 cm.
310 _aNo aplica
_b1995
336 _2rdacontent
_a1
_ba1
337 _2rdamedia
_a2
_b5
338 _a2
362 _a1995 - 2004
546 _aTexto en inglés
650 _vPublicaciones seriadas
773 _dSheffield, Inglaterra: Sheffield Academic Press, 1995
810 _hRevista
942 _cCR
_2ddc
_a3
999 _c49494
_d49494